书目信息 |
| 题名: |
标志设计
|
|
| 作者: | 文红 主编 | |
| 分册: | ||
| 出版信息: | 长沙 湖南美术出版社 2005.12 |
|
| 页数: | 120页 | |
| 开本: | 29cm | |
| 丛书名: | ||
| 单 册: | ||
| 中图分类: | J525 | |
| 科图分类: | ||
| 主题词: | 标志--biao zhi--设计--高等学校--教材 | |
| 电子资源: | ||
| ISBN: | 7-5356-2367-0 | |
| 000 | 00832nam0 2200253 450 | |
| 001 | 012008027697 | |
| 005 | 20080229144545.82 | |
| 010 | @a7-5356-2367-0@dCNY45.00 | |
| 100 | @a20080229d2005 em y0chiy0120 ea | |
| 101 | 0 | @achi |
| 102 | @aCN@b430000 | |
| 105 | @aa a 000yy | |
| 106 | @ar | |
| 200 | 1 | @a标志设计@Abiao zhi she ji@f文红主编@Fwen hong zhu bian |
| 210 | @a长沙@c湖南美术出版社@d2005.12 | |
| 215 | @a120页@c图 (部分彩图)@d29cm | |
| 300 | @a二十一世纪中国高等院校美术与设计教育教材 | |
| 320 | @a有书目 | |
| 330 | @a本书是一部标志设计教材。主要包括:标志概述、标志的起源、标志的概念与功能、标志图形的构成、标志设计的表现形式等内容。 | |
| 606 | 0 | @a标志@Abiao zhi@x设计@x高等学校@j教材 |
| 690 | @aJ525@v4 | |
| 701 | 0 | @a文红@Awen hong@4主编 |
| 801 | 0 | @aCN@bQSSK@c20080229 |
| 905 | @b281910-11@dJ525@eW629@f2 | |
| 标志设计/文红主编.-长沙:湖南美术出版社,2005.12 |
| 120页:图 (部分彩图);29cm |
| 二十一世纪中国高等院校美术与设计教育教材 |
| ISBN 7-5356-2367-0:CNY45.00 |
| 本书是一部标志设计教材。主要包括:标志概述、标志的起源、标志的概念与功能、标志图形的构成、标志设计的表现形式等内容。 |
| ● |
| 相关链接 |
|
|
|
正题名:标志设计
索取号:J525/W629
 
预约/预借
| 序号 | 登录号 | 条形码 | 馆藏地/架位号 | 状态 | 备注 |
| 1 | 281910 | 202819101 | 社科库309/309社科库 88排2列2层/ [索取号:J525/W629] | 在馆 | |
| 2 | 281911 | 202819110 | 社科库309/309社科库 88排2列2层/ [索取号:J525/W629] | 在馆 |